000
00247nam a2200109Ia 4500
100
_a
Mitra/Amitava
942
_c
#NAME?
245
_a
Fundamentals of quality control and improvement
260
_b
Pearson Education
082
_a
658
300
_a
723
999
_c
31077
_d
31077